02192agaaa2200301 45000010005000000030009000050050017000140070009000310080040000400400023000800410013001031000048001161300020001642450222001842500022004062600104004283000032005325080231005645110092007955200665008875380016015525460013015686500066015817000070016477000060017177000061017777000052018388891IT-RoPAU20220918181247.0d cvaizq50131s9999||||xx ||| | || ||und|| aIT-RoPAUcIT-RoPAU aITALIANO aComencini LuigigCodice regista SPICS: 7883 aPROIBITO RUBARE aPROIBITO RUBAREcProdotto da: Ponti C. Martello G. -- Sceneggiatura: Buzzi Aldo Cecchi D'Amico Suso Comencini Luigi Curcio Armando -- Diretto da: Comencini LuigipPROIBITO RUBARE (Rif. Codice opera principale : H8891) aEdizione Standard a(ITALIA)bLUX FILM / Distribuzione: MAGAZZINO DISPg"1948 (1° ed.: 2009 ; Ed. Lingua Orig.: 1948)" aDVDbsonoro, b&wc80 minuti a"Fotografia: Tonti Aldo; Montaggio: Novelli Adriana; Musica: Rota Nino; Sceneggiatura: Buzzi Aldo Cecchi D'Amico Suso Comencini Luigi Curcio Armando; Scenografia: Gherardi Piero; Soggetto: Martello Gigi -- Cecchi D'Amico Suso" a"Celi Adolfo; Pica Tina; Russo Mario; Dermastro Luigi; Girelli Antonio; De; Michele C." a"DON PIETRO MISSIONARIO DIRETTO IN AFRICA, SUBISCE UN FURTO A NAPOLI PER OPERA DI ALCUNI RAGAZZINI DI STRADA. L'ESPERIENZA GLI FA CAPIRE CHE I RAGAZZIDI NAPOLI POSSONO AVER BISOGNO DEL SUO AIUTO E DECIDE QUINDI DI FONDARE LACITTA' DEI RAGAZZI, UNA CASA DI ACCOGLIENZA PER LORO. GRAZIE ALLE OFFERTEDELLA CITTA', DON PIETRO RIESCE A PORTARE AVANTI LA SUA OPERA SENZA PROBLEMI, FINCHE' NON SCOPRE CHE LA MAGGIOR PARTE DELLE OFFERTE PROVIENE DALLA REFURTIVA ACCUMULATA DAI RAGAZZI... CONTENUTI EXTRA: GALLERIA FOTOGRAFICA TRATTA DALL'ARCHIVIO DELLA FONDAZIONE CINETECA ITALIANA; INTERVISTA A PAOLO MEREGHETTI; PRESENTAZIONE CINEMATOGRAFICA ORIGINALE; FILMOGRAFIE." aPAL, STEREO aITALIANO aCOMMEDIA - DRAMMAeDVD-FILM [DVD]xCodice MATERIA SPICS: 9947 aCecchi D'Amico Suso e(soggetto)gCodice Soggetto 2° SPICS: 7581 aComencini Luigi e(regista)gCodice regista SPICS: 7883 aMartello Gigi e(soggetto)gCodice Soggetto SPICS: 59546 aRota Ninoe(musica)gCodice Musica SPICS: 11128